| 000 | 01191cam a2200313 a 4500 | ||
|---|---|---|---|
| 001 | 2123931 | ||
| 003 | OSt | ||
| 005 | 20140310181631.0 | ||
| 008 | 970227s1998 nyu b 001 0 eng | ||
| 010 | _a 97010879 | ||
| 020 | _a0393041301 | ||
| 040 |
_aDLC _cDLC _dDLC |
||
| 050 | 0 | 0 |
_aPN 6101 _b.W517 1997 |
| 082 | 0 | 0 |
_aTR 808.81 _bW27 1997 |
| 100 |
_aWashburn, Katharine _91735 |
||
| 245 | 0 | 0 |
_aWorld poetry : _ban anthology of verse from antiquity to our time / _cKatharine Washburn and John S. Major, editors ; Clifton Fadiman, general editor. |
| 260 |
_aNew York : _bW.W. Norton ; _a[Mechanicsburg, Pa.] : _bBook-of-the-Month Club, _cc1998. |
||
| 300 |
_a1338 p. : _c24 cm. |
||
| 521 | _aFaculty | ||
| 541 | _j1 | ||
| 562 | _eFor circulation. One copy available in the collection | ||
| 650 | 0 |
_aPoetry _xCollections. _91736 |
|
| 700 | 1 |
_aWashburn, Katharine. _91737 |
|
| 700 | 1 |
_aMajor, John S. _91738 |
|
| 700 | 1 |
_aFadiman, Clifton, _d1904-1999. _91739 |
|
| 906 |
_a7 _bcbc _corignew _d1 _eocip _f19 _gy-gencatlg |
||
| 942 |
_2lcc _cBK-TR _kTR |
||
| 999 |
_c525 _d525 |
||